The Longest Ride/ (Record no. 188480)

MARC details
000 -LEADER
fixed length control field 00396nam a22001697a 4500
005 - DATE AND TIME OF LATEST TRANSACTION
control field 20220525101104.0
010 ## - LCCN (DPL NO)
LC control number ENG-132807
020 ## - INTERNATIONAL STANDARD BOOK NUMBER
International Standard Book Number 9780751558487
Terms of availability 350.00
035 ## - SYSTEM CONTROL NUMBER
System control number EN-116339
037 ## - SOURCE OF ACQUISITION
Source of stock number/acquisition DBAD/PUB
082 ## - DEWEY DECIMAL CLASSIFICATION NUMBER
Classification number S
100 ## - MAIN ENTRY--PERSONAL NAME
Personal name Sparks, Nicholas
245 ## - TITLE STATEMENT
Title The Longest Ride/
Statement of responsibility, etc Nicholas Sparks
260 ## - PUBLICATION, DISTRIBUTION, ETC. (IMPRINT)
Name of publisher, distributor, etc Hachette
300 ## - PHYSICAL DESCRIPTION
Extent 451p
Dimensions 18cm(pbk)
942 ## - ADDED ENTRY ELEMENTS (KOHA)
Source of classification or shelving scheme Dewey Decimal Classification
Item type English Books
Classification part S
Call number suffix SPA
Holdings
Withdrawn status Lost status Not for loan Collection code Home library Current library Date acquired Source of acquisition Cost, normal purchase price Full call number Barcode Copy number Cost, replacement price Koha item type
      Non-fiction Bawana Bawana 25/05/2022 DBAD/PUB 350.00 S SPA EN-116339 1 350.00 English Books

© Delhi Public Library
Hit Counter
free hit counter